000 01054nas a2200337 4500
001 BR7905937
003 BR-BrBNA
005 20231205083943.0
007 ta
008 230509b bl.|||p| |||| 00| 00por d
040 _aBR-BrBNA
_bpor
_cBiblioteca Nacional de Agricultura
041 _a(Pt)
072 _aQ30; F00
100 1 _aPinto, A.C. de A.
100 1 _aChitarra, M.I.F.
100 1 _aCarvalho, V.D. de
100 1 _aHostalacio, S.
245 1 _aUtilizacao do acido giberelico, permanganato de potassio e embalagem de polietileno na conservacao de banana prata [Minas Gerais; Brasil]
650 _aEmbalagem
650 _aProducao vegetal
650 _aBanana prata
650 _aConservacao
650 _aPolietileno
650 _aAcido giberelico
650 _aPermanganato de Potassio
650 _aMaturacao artificial
650 _aMinas Gerais
773 0 _tCiencia e Pratica (Brazil)
_xISSN 0100-5267
_g(Jul 1979), v. 3(2) p. 125-131
_wBR7905937
909 _a202311
_bLúcia
_c55
_dLúcia Elande
942 _2AGRIS
_n0
_cANA
999 _c102232
_d102232